000 00294nam a22001337a 4500
008 170401b xxu||||| |||| 00| 0 eng d
020 _a9780397513802
041 _aeng
080 _a617
100 _a8
101 _aSHM
245 _aTHE WILLS EYE MANUAL
_cCULLOM, R.D
942 _2udc
_cBK
999 _c9373
_d9373